00487nam a2200133Ia 4500003000900000008004100009040001600050080002200066110003300088245015500121260005000276300000800326500001900334IN-BaIIA211028s9999 xx 000 0 eng d cIIA Library a083.7:669.71bISI aIndian Standards Institution 0aIndian standard specification for aluminium and aluminium alloy rivet stock folr cold forged rivets for aircraft purposecIndian Standards Institution aNew DelhibIndian Standards Institutionc1971 a8p. aIS 5902 : 1970